[Event "Mumbai Mayors Cup 4th"]
[Site "Mumbai"]
[Date "2011.09.16"]
[Round "1"]
[White "Campi, William"]
[Black "Deepan Chakkravarthy, J."]
[Result "0-1"]
[WhiteElo "1804"]
[BlackElo "2470"]
[PlyCount "52"]
[EventDate "2011.09.16"]
[EventType "swiss"]
[EventRounds "11"]
[EventCountry "IND"]
[SourceTitle "CBM 144 Extra"]
[Source "ChessBase"]
[SourceDate "2011.10.28"]
[SourceVersion "1"]
[SourceVersionDate "2011.10.28"]
[SourceQuality "1"]

1. d4 Nf6 2. c4 g6 3. Nc3 d5 4. cxd5 Nxd5 5. e4 Nxc3 6. bxc3 Bg7 7. Bb5+ Nd7 8. Nf3 0-0 9. 0-0 a6 10. Be2 c5 11. Be3 Qc7 12. a4 b6 13. Rb1 Bb7 14. Nd2 Rac8 15. Qb3 cxd4 16. cxd4 Qc2 17. Bd3 Qxb3 18. Rxb3 e6 19. f3 Rc6 20. Nc4 Rfc8 21. Nd2 Rc3 22. Rfb1 f5 23. e5 Rxb3 24. Rxb3 Bd5 25. Ra3 Bf8 26. Bxa6 Rc1+ 0-1

[Event "Geller Memorial op-A 6th"]
[Site "Odessa"]
[Date "2010.08.21"]
[Round "1"]
[White "Campi, William"]
[Black "Reshetkov, Kirill"]
[Result "0-1"]
[WhiteElo "1854"]
[BlackElo "2192"]
[PlyCount "82"]
[EventDate "2010.08.21"]
[EventType "swiss"]
[EventRounds "9"]
[EventCountry "UKR"]
[SourceTitle "CBM 138 Extra"]
[Source "ChessBase"]
[SourceDate "2010.10.29"]
[SourceVersion "1"]
[SourceVersionDate "2010.10.29"]
[SourceQuality "1"]

1. Nf3 Nf6 2. c4 c6 3. d4 d5 4. Nc3 dxc4 5. a4 Bf5 6. e3 e6 7. Bxc4 Bb4 8. 0-0 0-0 9. Nh4 Bg4 10. f3 Bh5 11. Qb3 a5 12. g4 Nd5 13. Ng2 Bg6 14. e4 Nb6 15. Be2 Qxd4+ 16. Be3 Qd8 17. Rfd1 N8d7 18. Nf4 Qe7 19. Nxg6 hxg6 20. Kg2 Rfd8 21. h4 Bc5 22. Bg5 f6 23. Bf4 Ne5 24. Rh1 Rd4 25. h5 Rb4 26. Qc2 g5 27. Bxe5 fxe5 28. h6 g6 29. h7+ Kg7 30. Rh2 Rh8 31. Rah1 Qd6 32. Qc1 Qd4 33. Kg3 Qe3 34. Qa1 Bd4 35. Qa2 Qf4+ 36. Kg2 Qf7 37. Bd1 Nd7 38. Kg3 Nc5 39. Kg2 Nd3 40. Bb3 Qf4 41. Rh3 Qd2+ 0-1